Historic German names for Eastern European cities - Statistics

General Stats
  • This quiz has been taken 119 times
  • The average score is 9 of 14
Answer Stats
Hint Answer % Correct
Danzig Gdansk
98%
Königsberg Kaliningrad
95%
Wilna Vilnius
83%
Pilsen Plzen
78%
Pressburg Bratislava
76%
Brünn Brno
76%
Lemberg Lviv
76%
Reval Tallinn
63%
Memel Klaipėda
52%
Laibach Ljubljana
52%
Dünaburg Daugavpils
36%
Dorpat Tartu
32%
Libau Liepāja
24%
Windau Ventspils
19%
No matching quizzes found
Score Distribution
Percent of People with Each Score
Percentile by Number Answered
Your Score History
You have not taken this quiz